000
00299nam a2200109Ia 4500
008
200302s9999 xx 000 0 und d
100
_a
Martin David Dubin A.I.A
245
_a
Architectural Supervision of Modern Buildings
260
_b
Reinhold Publishing Corporation
260
_c
1963
300
_a
304 P.,
999
_c
97
_d
97